<?xml version="1.0" encoding="UTF-8"?>
<record
    xmlns:xsi="http://www.w3.org/2001/XMLSchema-instance"
    xsi:schemaLocation="http://www.loc.gov/MARC21/slim http://www.loc.gov/standards/marcxml/schema/MARC21slim.xsd"
    xmlns="http://www.loc.gov/MARC21/slim">

  <leader>00914nam a2200241 a 4500</leader>
  <controlfield tag="001">41253</controlfield>
  <controlfield tag="003">BD-RjUL</controlfield>
  <controlfield tag="005">20211209053344.0</controlfield>
  <controlfield tag="008">160518s2004    ii a|||| b||| 00| d ben d</controlfield>
  <datafield tag="020" ind1=" " ind2=" ">
    <subfield code="c">IRs. 200.00</subfield>
  </datafield>
  <datafield tag="035" ind1=" " ind2=" ">
    <subfield code="a">(BD-RjUL)41370</subfield>
  </datafield>
  <datafield tag="040" ind1=" " ind2=" ">
    <subfield code="a">BD-RjUL</subfield>
    <subfield code="b">ben</subfield>
    <subfield code="c">BD-RjUL</subfield>
    <subfield code="d">BD-RjUL</subfield>
  </datafield>
  <datafield tag="041" ind1=" " ind2=" ">
    <subfield code="a">ben</subfield>
  </datafield>
  <datafield tag="082" ind1=" " ind2=" ">
    <subfield code="2">23</subfield>
    <subfield code="a">891.44209</subfield>
    <subfield code="b">SEN 2004</subfield>
  </datafield>
  <datafield tag="100" ind1=" " ind2=" ">
    <subfield code="a">&#x9B8;&#x9C7;&#x9A8;, &#x99A;&#x9A8;&#x9CD;&#x9A6;&#x9A8;</subfield>
    <subfield code="9">126922</subfield>
  </datafield>
  <datafield tag="245" ind1="1" ind2="0">
    <subfield code="a">&#x9A8;&#x9BE;&#x99F;&#x995; &#x9B8;&#x9C3;&#x99C;&#x9A8; : </subfield>
    <subfield code="b">&#x9A8;&#x9BE;&#x99F;&#x9CD;&#x9AF;&#x99A;&#x9B0;&#x9CD;&#x99A;&#x9BE; /</subfield>
    <subfield code="c">&#x99A;&#x9A8;&#x9CD;&#x9A6;&#x9A8; &#x9B8;&#x9C7;&#x9A8;</subfield>
  </datafield>
  <datafield tag="260" ind1=" " ind2=" ">
    <subfield code="a">&#x995;&#x9B2;&#x995;&#x9BE;&#x9A4;&#x9BE;:</subfield>
    <subfield code="b">&#x9AA;&#x9CD;&#x9B0;&#x9A4;&#x9BF;&#x9AD;&#x9BE;&#x9B8;,</subfield>
    <subfield code="c">&#x9E8;&#x9E6;&#x9E6;&#x9EA;</subfield>
  </datafield>
  <datafield tag="300" ind1=" " ind2=" ">
    <subfield code="a">&#x9E9;&#x9E8;&#x9E6; &#x9AA;&#x9C3;. :</subfield>
    <subfield code="b">&#x99A;&#x9BF;&#x9A4;&#x9CD;&#x9B0; ;</subfield>
    <subfield code="c">&#x9E8;&#x9E9; &#x9B8;&#x9C7;&#x9AE;&#x9BF;.</subfield>
  </datafield>
  <datafield tag="504" ind1=" " ind2=" ">
    <subfield code="a">&#x997;&#x9CD;&#x9B0;&#x9A8;&#x9CD;&#x9A5;&#x9AA;&#x99E;&#x9CD;&#x99C;&#x9BF; &#x9B8;&#x982;&#x9AF;&#x9C1;&#x995;&#x9CD;&#x9A4;</subfield>
  </datafield>
  <datafield tag="650" ind1=" " ind2=" ">
    <subfield code="a">&#x9AC;&#x9BE;&#x982;&#x9B2;&#x9BE; &#x9A8;&#x9BE;&#x99F;&#x995;</subfield>
    <subfield code="x">&#x987;&#x9A4;&#x9BF;&#x9B9;&#x9BE;&#x9B8; &#x993; &#x9B8;&#x9AE;&#x9BE;&#x9B2;&#x9CB;&#x99A;&#x9A8;&#x9BE;</subfield>
    <subfield code="9">123674</subfield>
  </datafield>
  <datafield tag="650" ind1=" " ind2=" ">
    <subfield code="a">Bengali Drama</subfield>
    <subfield code="x">History and Criticism</subfield>
    <subfield code="9">122764</subfield>
  </datafield>
  <datafield tag="942" ind1=" " ind2=" ">
    <subfield code="2">ddc</subfield>
    <subfield code="c">BK</subfield>
    <subfield code="0">1</subfield>
  </datafield>
  <datafield tag="999" ind1=" " ind2=" ">
    <subfield code="c">41253</subfield>
    <subfield code="d">41253</subfield>
  </datafield>
  <datafield tag="952" ind1=" " ind2=" ">
    <subfield code="0">0</subfield>
    <subfield code="1">0</subfield>
    <subfield code="2">ddc</subfield>
    <subfield code="4">0</subfield>
    <subfield code="7">0</subfield>
    <subfield code="8">NFIC</subfield>
    <subfield code="a">RUCL</subfield>
    <subfield code="b">RUCL</subfield>
    <subfield code="c">Stack</subfield>
    <subfield code="d">2011-05-24</subfield>
    <subfield code="e">Paragogn Enterprise, Dhaka</subfield>
    <subfield code="g">200.00</subfield>
    <subfield code="l">1</subfield>
    <subfield code="o">B 891.44209 SEN 2004</subfield>
    <subfield code="r">2016-12-03 00:00:00</subfield>
    <subfield code="s">2016-11-20</subfield>
    <subfield code="t">C-2</subfield>
    <subfield code="w">2016-05-18</subfield>
    <subfield code="y">BK</subfield>
  </datafield>
  <datafield tag="952" ind1=" " ind2=" ">
    <subfield code="0">0</subfield>
    <subfield code="1">0</subfield>
    <subfield code="2">ddc</subfield>
    <subfield code="4">0</subfield>
    <subfield code="7">0</subfield>
    <subfield code="8">NFIC</subfield>
    <subfield code="a">RUCL</subfield>
    <subfield code="b">RUCL</subfield>
    <subfield code="c">Stack</subfield>
    <subfield code="d">2011-05-24</subfield>
    <subfield code="e">Paragogn Enterprise, Dhaka</subfield>
    <subfield code="g">200.00</subfield>
    <subfield code="l">0</subfield>
    <subfield code="o">B 891.44209 SEN 2004</subfield>
    <subfield code="r">2016-08-30 00:00:00</subfield>
    <subfield code="t">C-3</subfield>
    <subfield code="w">2016-08-30</subfield>
    <subfield code="y">BK</subfield>
  </datafield>
  <datafield tag="952" ind1=" " ind2=" ">
    <subfield code="0">0</subfield>
    <subfield code="1">0</subfield>
    <subfield code="2">ddc</subfield>
    <subfield code="4">0</subfield>
    <subfield code="7">0</subfield>
    <subfield code="8">NFIC</subfield>
    <subfield code="a">RUCL</subfield>
    <subfield code="b">RUCL</subfield>
    <subfield code="c">Stack</subfield>
    <subfield code="d">2011-05-24</subfield>
    <subfield code="e">Paragogn Enterprise, Dhaka</subfield>
    <subfield code="g">200.00</subfield>
    <subfield code="l">0</subfield>
    <subfield code="o">B 891.44209 SEN 2004</subfield>
    <subfield code="r">2016-08-30 00:00:00</subfield>
    <subfield code="t">C-4</subfield>
    <subfield code="w">2016-08-30</subfield>
    <subfield code="y">BK</subfield>
  </datafield>
  <datafield tag="952" ind1=" " ind2=" ">
    <subfield code="0">0</subfield>
    <subfield code="1">0</subfield>
    <subfield code="2">ddc</subfield>
    <subfield code="4">0</subfield>
    <subfield code="7">1</subfield>
    <subfield code="8">NFIC</subfield>
    <subfield code="a">RUCL</subfield>
    <subfield code="b">RUCL</subfield>
    <subfield code="c">Reading</subfield>
    <subfield code="d">2011-05-24</subfield>
    <subfield code="e">Dhaka, Paragon ent. Ltd.</subfield>
    <subfield code="g">200.00</subfield>
    <subfield code="l">0</subfield>
    <subfield code="o">B 891.44209 SEN 2004</subfield>
    <subfield code="r">2017-02-13 00:00:00</subfield>
    <subfield code="t">C-1</subfield>
    <subfield code="w">2017-02-13</subfield>
    <subfield code="y">BK</subfield>
  </datafield>
</record>
